| 000 | 01364cam a2200313 a 4500 | ||
|---|---|---|---|
| 001 | 17334158 | ||
| 003 | OSt | ||
| 005 | 20250901165557.0 | ||
| 008 | 120606s2012 enk b 001 0 eng | ||
| 010 | _a 2012941350 | ||
| 020 | _a9780199641376 (pbk.) | ||
| 040 |
_aDLC _cDLC |
||
| 042 | _apcc | ||
| 043 | _ae-uk--- | ||
| 050 | 0 | 0 |
_aKD829 .T48 2012 _b.T48 2012 |
| 100 | 1 |
_aThompson, M. P. _q(Mark P.) |
|
| 245 | 1 | 0 |
_aModern land law / _cMark P. Thompson. |
| 250 | _a5th ed. | ||
| 260 |
_aOxford, U. K. ; _bOxford University Press, _cc2012. |
||
| 300 |
_axlvii, 658 p. ; _c25 cm. |
||
| 504 | _aIncludes bibliographical references and index. | ||
| 505 | 0 | _aThe scope of the subject -- Tenure and estates -- Law, equity and human rights -- The 1925 legislation -- Registration of title -- The transfer of freehold land -- Possessory titles -- Consecutive and concurrent interests in land -- Co-ownership 1 : acquisition of interests in the home -- Co-ownership 2 : the legal framework of co-ownership -- Leasehold estates -- Mortgages -- Easements -- Covenants between freeholders -- Licences and estoppel. | |
| 650 | 0 |
_aReal property _zEngland. |
|
| 650 | 0 |
_aReal property _zWales. |
|
| 906 |
_a7 _bcbc _corigcop _d2 _eepcn _f20 _gy-gencatlg |
||
| 942 |
_2ddc _cBK |
||
| 999 |
_c6146 _d6146 |
||